[Event "Czech Open Rapid 2019"]
[Site "Pardubice"]
[Date "2019.07.18"]
[Round "6.7"]
[White "Skliarov, Viktor"]
[Black "Rasik, Vitezslav"]
[Result "1-0"]
[WhiteElo "2360"]
[BlackElo "2470"]
[Annotator "ChessBase"]
[PlyCount "87"]
[EventDate "2019.07.17"]
[EventType "swiss"]
[EventCountry "CZE"]
[SourceTitle "playchess.com"]
[Source "ChessBase"]
[SourceQuality "1"]

1. e4 d6 2. d4 g6 3. Nc3 Bg7 4. Be3 Nf6 5. f3 c6 6. Qd2 b5 7. O-O-O b4 8. Nce2 Qa5 9. Kb1 Nbd7 10. g4 Nb6 11. Nc1 Be6 12. Nb3 Bxb3 13. cxb3 h5 14. g5 Nfd7 15. f4 O-O 16. Nf3 d5 17. e5 e6 18. Rc1 Rfc8 19. a3 Bf8 20. Bd3 Rab8 21. Rc2 Na8 22. Rhc1 Qb6 23. a4 Rc7 24. Qe2 Be7 25. f5 exf5 26. e6 fxe6 27. Bf4 c5 28. a5 Qc6 29. dxc5 e5 30. Nxe5 Nxe5 31. Bxe5 Bf8 32. Qg2 Re8 33. Bxc7 Nxc7 34. Re2 Ne6 35. Bc4 Rd8 36. Rd2 Nc7 37. Rcd1 Qxc5 38. Bxd5+ Kh8 39. Bc4 Rxd2 40. Qxd2 Be7 41. h4 Kg7 42. Qd7 f4 43. Qc8 f3 44. Qg8# 1-0

[Event "Czech Open Rapid 2019"]
[Site "Pardubice"]
[Date "2019.07.18"]
[Round "6.7"]
[White "Slovak, Kilian"]
[Black "Burdalev, Kirill"]
[Result "1/2-1/2"]
[WhiteElo "2242"]
[BlackElo "2385"]
[Annotator "TA"]
[PlyCount "115"]
[EventDate "2019.07.17"]
[EventType "swiss"]
[EventCountry "CZE"]
[SourceTitle "playchess.com"]
[Source "ChessBase"]
[SourceQuality "1"]

1. e4 c6 2. d4 d5 3. e5 Bf5 4. Nc3 e6 5. g4 Bg6 6. Nge2 c5 7. h4 h5 8. Nf4 Bh7 9. Nxh5 Nc6 10. dxc5 Nxe5 11. Bb5+ Nc6 12. Qe2 Bxc5 13. Bg5 Be7 14. O-O-O Kf8 15. Rh3 a6 16. Ba4 Nf6 17. Bxf6 Bxf6 18. g5 Be7 19. Bxc6 bxc6 20. Qe5 Rg8 21. Rf3 Qd6 22. Qe2 Rb8 23. Nf4 Bf5 24. Rg1 g6 25. Nd3 c5 26. Ne5 Kg7 27. Ng4 d4 28. Nd1 Qd5 29. b3 Qe4 30. Qxe4 Bxe4 31. Rf4 Bf5 32. Nh6 Bd6 33. Rf3 Rgf8 34. Nxf5+ exf5 35. Nb2 Rh8 36. Nc4 Bc7 37. Rh3 Rbe8 38. Kd2 Re4 39. Rgh1 Rhe8 40. h5 gxh5 41. Rxh5 Re2+ 42. Kd3 Rxf2 43. R5h3 Bf4 44. Rh7+ Kg6 45. R7h6+ Kxg5 46. R6h5+ Kg6 47. Nb6 Rd2+ 48. Kc4 Rxc2+ 49. Kd5 Re5+ 50. Kc6 Re6+ 51. Kb7 Rc1 52. Nd5 Bd2 53. R1h2 Be3 54. Rh8 f4 55. R2h5 d3 56. R8h6+ Kg7 57. Rh7+ Kg6 58. R7h6+ 1/2-1/2

[Event "Czech Open Rapid 2019"]
[Site "Pardubice"]
[Date "2019.07.18"]
[Round "6.8"]
[White "Blandon, Luis Guillermo"]
[Black "Polschikov, Alexey"]
[Result "0-1"]
[WhiteElo "2239"]
[BlackElo "2375"]
[Annotator "NA"]
[PlyCount "91"]
[EventDate "2019.07.17"]
[EventType "swiss"]
[EventCountry "CZE"]
[SourceTitle "playchess.com"]
[Source "ChessBase"]
[SourceQuality "1"]

1. Nf3 Nf6 2. g3 b6 3. Bg2 Bb7 4. O-O c5 5. c4 e6 6. Nc3 Be7 7. d4 cxd4 8. Nxd4 Bxg2 9. Kxg2 Qc8 10. b3 d5 11. Ncb5 a6 12. Na3 O-O 13. Bb2 Qb7 14. Kg1 Rd8 15. cxd5 Nxd5 16. Nc4 Nc6 17. Nxc6 Qxc6 18. Ne5 Qb7 19. Qd4 Bf6 20. Rfd1 Rac8 21. Rac1 Nc3 22. Bxc3 Rxd4 23. Bxd4 Rxc1 24. Rxc1 Bxe5 25. Bxe5 h5 26. f3 Qd5 27. Bf4 Qd4+ 28. Kg2 e5 29. Rc8+ Kh7 30. Bc1 Qd1 31. Kf2 Qh1 32. Be3 Qxh2+ 33. Ke1 Qxg3+ 34. Bf2 Qf4 35. Rc4 Qf6 36. a4 b5 37. Rc5 bxa4 38. bxa4 h4 39. Rc4 g5 40. a5 Qf5 41. Re4 f6 42. Rb4 Qc2 43. Kf1 h3 44. Bg3 Qc1+ 45. Kf2 Qc5+ 46. Ke1 0-1

[Event "Czech Open Rapid 2019"]
[Site "Pardubice"]
[Date "2019.07.18"]
[Round "6.8"]
[White "Bykova, Anastasia"]
[Black "Peng, Li Min"]
[Result "0-1"]
[WhiteElo "2229"]
[BlackElo "2466"]
[Annotator "ChessBase"]
[PlyCount "84"]
[EventDate "2019.07.17"]
[EventType "swiss"]
[EventCountry "CZE"]
[SourceTitle "playchess.com"]
[Source "ChessBase"]
[SourceQuality "1"]

1. d4 Nf6 2. c4 g6 3. Nf3 Bg7 4. g3 O-O 5. Bg2 d5 6. cxd5 Nxd5 7. O-O Nb6 8. Nc3 Nc6 9. e3 Re8 10. h3 a5 11. a4 e5 12. d5 Nb4 13. e4 c6 14. Bg5 f6 15. Be3 cxd5 16. Bxb6 Qxb6 17. Nxd5 Nxd5 18. Qxd5+ Be6 19. Qd2 Red8 20. Qe2 Qb4 21. Rfc1 Rac8 22. Qe1 Bh6 23. Rc3 Qxb2 24. Rxc8 Rxc8 25. Kh2 Bc1 26. Rxc1 Qxc1 27. Qxa5 Qc5 28. Qd2 Kg7 29. Qb2 Rc7 30. Qd2 Rd7 31. Qb2 Qa7 32. Qc2 Qb6 33. Qe2 Qb3 34. a5 Qa2 35. Qe1 Rc7 36. g4 h6 37. Qb4 Qxf2 38. Qd6 Rc2 39. Ne1 Qf4+ 40. Kg1 Rc1 41. Qb4 Qe3+ 42. Kh2 Rxe1 0-1

[Event "Czech Open Rapid 2019"]
[Site "Pardubice"]
[Date "2019.07.18"]
[Round "6.9"]
[White "Pechac, Jergus"]
[Black "Mosesov, Danylo"]
[Result "1-0"]
[WhiteElo "2469"]
[BlackElo "2353"]
[Annotator "ChessBase"]
[PlyCount "74"]
[EventDate "2019.07.17"]
[EventType "swiss"]
[EventCountry "CZE"]
[SourceTitle "playchess.com"]
[Source "ChessBase"]
[SourceQuality "1"]

1. d4 Nf6 2. c4 b6 3. g3 Bb7 4. Nf3 g6 5. Bg2 Bg7 6. O-O O-O 7. d5 Ne4 8. Nfd2 Nd6 9. Nc3 Na6 10. e4 f5 11. exf5 Nxf5 12. Nde4 c6 13. d6 Nxd6 14. Nxd6 exd6 15. Qxd6 Qc7 16. Bf4 Qxd6 17. Bxd6 Rf6 18. Rad1 Re8 19. Ba3 Bf8 20. Bxf8 Rfxf8 21. Rxd7 Rf7 22. Rxb7 Rxb7 23. Bxc6 Rbb8 24. Bxe8 Rxe8 25. Rd1 Nc5 26. Kg2 Re7 27. h4 Kf7 28. b4 Ne6 29. Nb5 a5 30. c5 axb4 31. cxb6 Nc5 32. Rd4 b3 33. axb3 Nxb3 34. Rb4 Nc5 35. Nd6+ Ke6 36. b7 Na6 37. Rb6 Kd5 1-0

[Event "Czech Open Rapid 2019"]
[Site "Pardubice"]
[Date "2019.07.18"]
[Round "6.9"]
[White "Turner, Jan"]
[Black "Frolov, Aleksey G."]
[Result "1-0"]
[WhiteElo "2330"]
[BlackElo "2174"]
[Annotator "NA"]
[PlyCount "127"]
[EventDate "2019.07.17"]
[EventType "swiss"]
[EventCountry "CZE"]
[SourceTitle "playchess.com"]
[Source "ChessBase"]
[SourceQuality "1"]

1. b3 e5 2. Bb2 Nc6 3. e3 d5 4. Bb5 f6 5. d4 exd4 6. Qxd4 a6 7. Bxc6+ bxc6 8. Nc3 Bd6 9. Nf3 Ne7 10. h3 O-O 11. Qd2 Be6 12. Na4 c5 13. Ba3 c4 14. Bxd6 Qxd6 15. bxc4 dxc4 16. Qxd6 cxd6 17. Nd4 Bf7 18. Kd2 Rab8 19. Rab1 Nd5 20. Nc3 Rfe8 21. Rxb8 Rxb8 22. a3 Rb2 23. Rb1 Rxb1 24. Nxb1 g6 25. Nc3 Nc7 26. Ne4 Ne8 27. f3 f5 28. Nc3 Kg7 29. Nc6 Kf6 30. Nd4 Nc7 31. a4 Bd5 32. a5 Bb7 33. Ke2 g5 34. g3 h5 35. h4 Kg6 36. Na4 f4 37. exf4 gxf4 38. gxf4 Nd5 39. f5+ Kf6 40. Nb2 c3 41. Nc4 Nf4+ 42. Kf2 d5 43. Kg3 Ne2+ 44. Nxe2 dxc4 45. Kf4 Bc8 46. Nxc3 Bxf5 47. Nd5+ Ke6 48. Nc7+ Kf6 49. c3 Bc8 50. Nd5+ Ke6 51. Ne3 Kd6 52. Nxc4+ Kc5 53. Na3 Bb7 54. Ke3 Kd5 55. f4 Ke6 56. Nc4 Bd5 57. Ne5 Kf5 58. c4 Bb7 59. c5 Ke6 60. c6 Bc8 61. Ke4 Kf6 62. Nd7+ Ke7 63. Kd5 Kd8 64. Nf6 1-0

[Event "Czech Open Rapid 2019"]
[Site "Pardubice"]
[Date "2019.07.18"]
[Round "6.10"]
[White "Gazik, Viktor"]
[Black "Goriatchkin, Jouri"]
[Result "0-1"]
[WhiteElo "2525"]
[BlackElo "2316"]
[Annotator "TA"]
[PlyCount "174"]
[EventDate "2019.07.17"]
[EventType "swiss"]
[EventCountry "CZE"]
[SourceTitle "playchess.com"]
[Source "ChessBase"]
[SourceQuality "1"]

1. e4 e6 2. d3 d5 3. Nd2 Nf6 4. Ngf3 Nc6 5. c3 e5 6. Be2 Be7 7. Qc2 O-O 8. b4 a6 9. Bb2 Re8 10. O-O b5 11. Rfe1 Bb7 12. Bf1 Bf8 13. g3 dxe4 14. dxe4 Nd7 15. a4 bxa4 16. Rxa4 Nb6 17. Ra2 a5 18. bxa5 Rxa5 19. Rxa5 Nxa5 20. c4 Nd7 21. Rd1 Bd6 22. Bh3 Nc6 23. Nb3 Nb4 24. Qc3 Bxe4 25. Ne1 Nf6 26. c5 Nbd5 27. Rxd5 Bxd5 28. cxd6 cxd6 29. Nd2 Qb6 30. Nd3 Ba8 31. Ba1 Qb7 32. f3 Qb6+ 33. Nf2 Nd5 34. Qd3 Qa5 35. Bb2 Rb8 36. Ba3 Rd8 37. Bf5 Nf6 38. h4 g6 39. Be4 Bd5 40. Bxd5 Qxd5 41. Qxd5 Nxd5 42. Nc4 f6 43. Nxd6 Ra8 44. Bc5 Ra5 45. Nd3 h5 46. Bf2 Nc7 47. Ne4 Kg7 48. Bc5 Nd5 49. Bf2 Ra2 50. Kf1 Kf7 51. Nd6+ Ke6 52. Ne4 Kf7 53. Kg2 Ne3+ 54. Kh3 Nd1 55. Bb6 Ra3 56. Ne1 Nc3 57. Nxc3 Rxc3 58. Bf2 Ke6 59. Kg2 f5 60. Kf1 Kf6 61. Ke2 g5 62. hxg5+ Kxg5 63. Nd3 Rc2+ 64. Ke3 Kf6 65. Be1 Ke6 66. Bd2 Rc4 67. Be1 Rc2 68. Ba5 Rc4 69. Bd8 Rc3 70. Kd2 Rc8 71. Bg5 Rg8 72. Bh4 Kd5 73. Ke3 Rg6 74. Nb4+ Kc5 75. Nc2 Kd5 76. Kd3 Rb6 77. Kc3 Rc6+ 78. Kd2 Rb6 79. Ne3+ Ke6 80. Kc3 Rb1 81. Kc2 Rh1 82. Kd3 f4 83. Nc4 Rh3 84. Bd8 fxg3 85. Ne3 Rh2 86. Bb6 g2 87. Nc2 Rh1 0-1

[Event "Czech Open Rapid 2019"]
[Site "Pardubice"]
[Date "2019.07.18"]
[Round "6.10"]
[White "Kusa, Jakub"]
[Black "Frolov, Artur"]
[Result "0-1"]
[WhiteElo "2199"]
[BlackElo "2453"]
[Annotator "ChessBase"]
[PlyCount "54"]
[EventDate "2019.07.17"]
[EventType "swiss"]
[EventCountry "CZE"]
[SourceTitle "playchess.com"]
[Source "ChessBase"]
[SourceQuality "1"]

1. e4 c5 2. Nf3 Nc6 3. d4 cxd4 4. Nxd4 e6 5. Nc3 d6 6. Be2 Nge7 7. Be3 a6 8. O-O b5 9. Qd2 Nxd4 10. Bxd4 Nc6 11. Be3 Be7 12. Rad1 O-O 13. f4 Bb7 14. Bd3 Rc8 15. Rf3 Nb4 16. Rh3 Nxd3 17. Qxd3 g6 18. Rf1 Bf6 19. Bd4 Bxd4+ 20. Qxd4 Rc4 21. Qe3 Qf6 22. f5 exf5 23. exf5 gxf5 24. Rh5 f4 25. Qd2 Qg6 26. Nd5 Bxd5 27. Qxd5 Rc5 0-1

[Event "Czech Open Rapid 2019"]
[Site "Pardubice"]
[Date "2019.07.18"]
[Round "6.11"]
[White "Biolek, Richard Jr."]
[Black "Mirzoev, Emil"]
[Result "1/2-1/2"]
[WhiteElo "2447"]
[BlackElo "2493"]
[Annotator "ChessBase"]
[PlyCount "35"]
[EventDate "2019.07.17"]
[EventType "swiss"]
[EventCountry "CZE"]
[SourceTitle "playchess.com"]
[Source "ChessBase"]
[SourceQuality "1"]

1. e4 c5 2. Nf3 e6 3. d4 cxd4 4. Nxd4 Nc6 5. Nc3 Qc7 6. Be3 a6 7. Qf3 Bd6 8. O-O-O Be5 9. g3 Nge7 10. Qe2 b5 11. f4 Bxd4 12. Bxd4 Nxd4 13. Rxd4 O-O 14. Bg2 Nc6 15. Rd3 Bb7 16. Rhd1 Rad8 17. e5 Ne7 18. Bxb7 1/2-1/2

[Event "Czech Open Rapid 2019"]
[Site "Pardubice"]
[Date "2019.07.18"]
[Round "6.11"]
[White "Dixit, Nikhil"]
[Black "Jirovsky, Pavel"]
[Result "1/2-1/2"]
[WhiteElo "2318"]
[BlackElo "2322"]
[Annotator "TA"]
[PlyCount "144"]
[EventDate "2019.07.17"]
[EventType "swiss"]
[EventCountry "CZE"]
[SourceTitle "playchess.com"]
[Source "ChessBase"]
[SourceQuality "1"]

1. e4 d5 2. exd5 Qxd5 3. Nc3 Qd6 4. d4 Nf6 5. Nf3 c6 6. Bc4 Bf5 7. Ne5 e6 8. Bf4 Qd8 9. g4 Be4 10. Nxe4 Nxe4 11. Qd3 Nf6 12. O-O-O Be7 13. h4 Nd5 14. Bxd5 Qxd5 15. c4 Qa5 16. Kb1 Na6 17. a3 Rd8 18. Qb3 Qb6 19. Qxb6 axb6 20. b4 O-O 21. Be3 Nc7 22. d5 exd5 23. Bxb6 Bd6 24. f4 f6 25. c5 Bxe5 26. fxe5 Rd7 27. Bxc7 Rxc7 28. exf6 Rxf6 29. Rhf1 Rcf7 30. Rxf6 Rxf6 31. Rd4 Kf7 32. b5 Ke6 33. bxc6 bxc6 34. Rb4 Rf7 35. Rb6 Rc7 36. Kc2 d4 37. Kd3 Kd5 38. Rb4 Kxc5 39. Rc4+ Kb6 40. Rxd4 c5 41. Re4 Ra7 42. a4 Kc6 43. Rf4 g6 44. h5 Kd5 45. hxg6 hxg6 46. Rf6 Rxa4 47. Rxg6 Ra3+ 48. Kc2 Kc4 49. Rg8 Ra2+ 50. Kb1 Rg2 51. g5 Kc3 52. g6 c4 53. g7 Rg6 54. Ka2 Ra6+ 55. Kb1 Ra7 56. Rh8 Rxg7 57. Rh3+ Kd2 58. Rh2+ Kd3 59. Rh3+ Kd4 60. Kc2 Rg2+ 61. Kc1 Kc5 62. Kb1 Kb4 63. Kc1 c3 64. Rh8 Rg5 65. Rb8+ Rb5 66. Rxb5+ Kxb5 67. Kc2 Kc4 68. Kc1 Kd4 69. Kc2 Kc4 70. Kc1 Kb3 71. Kb1 c2+ 72. Kc1 Kc3 1/2-1/2

[Event "Czech Open Rapid 2019"]
[Site "Pardubice"]
[Date "2019.07.18"]
[Round "6.12"]
[White "Retinsky, Vladimir"]
[Black "Dvoirys, Semen I."]
[Result "0-1"]
[WhiteElo "2343"]
[BlackElo "2505"]
[Annotator "ChessBase"]
[PlyCount "104"]
[EventDate "2019.07.17"]
[EventType "swiss"]
[EventCountry "CZE"]
[SourceTitle "playchess.com"]
[Source "ChessBase"]
[SourceQuality "1"]

1. d4 Nf6 2. Nf3 g6 3. Bf4 Bg7 4. e3 d6 5. Be2 O-O 6. h3 c5 7. c3 Be6 8. Nbd2 Nc6 9. O-O Rc8 10. Ng5 Bd7 11. dxc5 dxc5 12. Nge4 Nxe4 13. Nxe4 Ne5 14. Qb3 Be6 15. Qa4 Qb6 16. Qb5 Qxb5 17. Bxb5 Bc4 18. Bxe5 Bxb5 19. Bxg7 Kxg7 20. Rfd1 b6 21. Rd2 Bc6 22. Ng3 Rfd8 23. Rad1 Rxd2 24. Rxd2 Kf6 25. f3 Ke6 26. Kf2 b5 27. Ne2 g5 28. e4 a5 29. Ke3 a4 30. a3 Kf6 31. Ng3 e6 32. Nh5+ Kg6 33. Ng3 f6 34. Rd6 Kf7 35. Ne2 Ke7 36. Rd2 f5 37. e5 f4+ 38. Kf2 Bd5 39. h4 h6 40. Rd1 Rf8 41. hxg5 hxg5 42. Nc1 Bc4 43. Rh1 Rf5 44. Re1 Kd7 45. Rd1+ Kc7 46. Re1 Kc6 47. Ne2 Rxe5 48. Nd4+ Kd6 49. Rxe5 Kxe5 50. Nc6+ Kd6 51. Na5 Bd5 52. Ke2 c4 0-1

[Event "Czech Open Rapid 2019"]
[Site "Pardubice"]
[Date "2019.07.18"]
[Round "6.12"]
[White "Hagarova, Zuzana"]
[Black "Brejnik, Gustav"]
[Result "0-1"]
[WhiteElo "2294"]
[BlackElo "2179"]
[Annotator "NA"]
[PlyCount "62"]
[EventDate "2019.07.17"]
[EventType "swiss"]
[EventCountry "CZE"]
[SourceTitle "playchess.com"]
[Source "ChessBase"]
[SourceQuality "1"]

1. e4 c6 2. d4 d5 3. Nc3 dxe4 4. Nxe4 Nf6 5. Ng3 h5 6. Bc4 h4 7. N3e2 h3 8. Nxh3 Bxh3 9. gxh3 Rxh3 10. Nf4 Rh4 11. Be3 Qb6 12. Nd3 e6 13. Qf3 Bd6 14. O-O-O Nd5 15. Rhg1 g6 16. Bb3 a5 17. a4 Nd7 18. h3 Rh5 19. Bg5 Qxd4 20. Rg4 Qh8 21. h4 Ne5 22. Nxe5 Bxe5 23. c3 f5 24. Rgg1 Kf7 25. Bxd5 cxd5 26. Rxd5 Rxg5 27. Rd7+ Ke8 28. hxg5 Rc8 29. Qxb7 Rb8 30. Re7+ Kf8 31. Qd7 Bxc3 0-1

[Event "Czech Open Rapid 2019"]
[Site "Pardubice"]
[Date "2019.07.18"]
[Round "6.13"]
[White "Bogdanov, Egor"]
[Black "Zpevak, Pavel"]
[Result "1-0"]
[WhiteElo "2407"]
[BlackElo "2343"]
[Annotator "NA"]
[PlyCount "95"]
[EventDate "2019.07.17"]
[EventType "swiss"]
[EventCountry "CZE"]
[SourceTitle "playchess.com"]
[Source "ChessBase"]
[SourceQuality "1"]

1. e4 c5 2. c3 Nf6 3. e5 Nd5 4. d4 cxd4 5. Nf3 e6 6. cxd4 d6 7. Nc3 Nxc3 8. bxc3 Qc7 9. Bd2 Nd7 10. Bb5 a6 11. Bxd7+ Bxd7 12. O-O Be7 13. Re1 O-O 14. Qe2 Bb5 15. Qe4 Bc6 16. Qg4 Bxf3 17. Qxf3 dxe5 18. Rxe5 Bf6 19. Rc5 Qd7 20. Re1 Rac8 21. Rh5 e5 22. Bg5 Bxg5 23. Rxg5 f6 24. Rg4 f5 25. Rh4 e4 26. Qh3 g6 27. Rhxe4 Rce8 28. Rxe8 Rxe8 29. Rxe8+ Qxe8 30. Qe3 Qc6 31. Qd3 b5 32. d5 Qd6 33. h4 Kf7 34. Qd4 h5 35. g3 Qf6 36. Qa7+ Qe7 37. Qb6 Qe5 38. d6 Ke6 39. Qxa6 f4 40. Qc8+ Kd5 41. Qg8+ Kc6 42. Qxg6 f3 43. d7+ Kc7 44. d8=Q+ Kxd8 45. Qd3+ Kc7 46. Qxf3 Qe1+ 47. Kg2 Qd2 48. Qf4+ 1-0

[Event "Czech Open Rapid 2019"]
[Site "Pardubice"]
[Date "2019.07.18"]
[Round "6.13"]
[White "Jezbera, Jiri"]
[Black "Effenberger, Adam"]
[Result "1-0"]
[WhiteElo "2133"]
[BlackElo "1797"]
[Annotator "NA"]
[PlyCount "69"]
[EventDate "2019.07.17"]
[EventType "swiss"]
[EventCountry "CZE"]
[SourceTitle "playchess.com"]
[Source "ChessBase"]
[SourceQuality "1"]

1. e4 c5 2. Nc3 a6 3. a4 Nc6 4. f4 g6 5. Bc4 e6 6. Nf3 Bg7 7. O-O Nge7 8. Ba2 O-O 9. d3 d5 10. e5 d4 11. Ne4 b6 12. h3 Nd5 13. Qe1 Ncb4 14. Bb3 Bb7 15. Nd6 Bc6 16. Ng5 Ra7 17. Bd2 h6 18. Nge4 f6 19. exf6 Bxf6 20. Qg3 Kh7 21. Qg4 Qe7 22. Nc4 Bg7 23. Ne5 Bxe5 24. fxe5 Raa8 25. Nf6+ Nxf6 26. exf6 Rxf6 27. Rxf6 Qxf6 28. Rf1 Qe7 29. Qf4 g5 30. Qe5 Nd5 31. h4 Rg8 32. hxg5 hxg5 33. Rf3 Rg6 34. Rh3+ Kg8 35. Rh8+ 1-0

[Event "Czech Open Rapid 2019"]
[Site "Pardubice"]
[Date "2019.07.18"]
[Round "6.14"]
[White "Piesik, Piotr"]
[Black "Cerveny, Martin"]
[Result "0-1"]
[WhiteElo "2421"]
[BlackElo "2351"]
[Annotator "NA"]
[PlyCount "90"]
[EventDate "2019.07.17"]
[EventType "swiss"]
[EventCountry "CZE"]
[SourceTitle "playchess.com"]
[Source "ChessBase"]
[SourceQuality "1"]

1. Nf3 Nf6 2. g3 g6 3. Bg2 Bg7 4. O-O O-O 5. d4 d5 6. c4 c6 7. Nc3 dxc4 8. a4 a5 9. e3 Nbd7 10. Qe2 Nb6 11. Ne5 Be6 12. f4 Nfd7 13. e4 f5 14. Be3 fxe4 15. Nxe4 Bd5 16. Ng5 Rf6 17. Bh3 Nf8 18. Qc2 Qd6 19. Ng4 Re8 20. Rae1 h5 21. Nf2 Qb4 22. Ra1 Qb3 23. Rfc1 Rd6 24. Ra3 Qxc2 25. Rxc2 Nh7 26. Nge4 Rdd8 27. Nc5 Rb8 28. Nfe4 Nf6 29. Ng5 Ng4 30. Bxg4 hxg4 31. Nge6 Bf6 32. Ra1 Nc8 33. Ng5 Nd6 34. Nd7 Rbd8 35. Nb6 Nf5 36. Bf2 Nxd4 37. Rd2 Nb3 38. Rad1 Nxd2 39. Rxd2 Bxg5 40. fxg5 Bf3 41. Nxc4 b5 42. Bb6 Rb8 43. axb5 cxb5 44. Ba7 bxc4 45. Bxb8 Rxb8 0-1

[Event "Czech Open Rapid 2019"]
[Site "Pardubice"]
[Date "2019.07.18"]
[Round "6.14"]
[White "Tesar, Jan"]
[Black "Krouzel, Jaroslav"]
[Result "1/2-1/2"]
[WhiteElo "2034"]
[BlackElo "2117"]
[Annotator "NA"]
[PlyCount "50"]
[EventDate "2019.07.17"]
[EventType "swiss"]
[EventCountry "CZE"]
[SourceTitle "playchess.com"]
[Source "ChessBase"]
[SourceQuality "1"]

1. c4 f5 2. g3 Nf6 3. Bg2 e5 4. Nc3 d6 5. d3 Nc6 6. Nf3 Be7 7. O-O O-O 8. Rb1 Qe8 9. b4 Qh5 10. e3 f4 11. b5 Nd8 12. exf4 Bg4 13. Qe2 Nf7 14. Ne4 Rae8 15. Qe3 exf4 16. Qxf4 Nxe4 17. Qxe4 Bf5 18. Qe2 Bg5 19. Qc2 Bf6 20. Bb2 Bxb2 21. Rxb2 Bg4 22. Nd4 Qe5 23. Nf3 Qh5 24. Nd4 Qe5 25. Nf3 Qh5 1/2-1/2

[Event "Czech Open Rapid 2019"]
[Site "Pardubice"]
[Date "2019.07.18"]
[Round "6.15"]
[White "Matviishen, Viktor"]
[Black "Novotny, Michal"]
[Result "1/2-1/2"]
[WhiteElo "2495"]
[BlackElo "2280"]
[Annotator "ChessBase"]
[PlyCount "97"]
[EventDate "2019.07.17"]
[EventType "swiss"]
[EventCountry "CZE"]
[SourceTitle "playchess.com"]
[Source "ChessBase"]
[SourceQuality "1"]

1. e4 e6 2. d4 d5 3. Bd3 c5 4. exd5 Qxd5 5. Nc3 Qxd4 6. Nb5 Qd8 7. Bf4 Na6 8. Qf3 Nf6 9. O-O-O Qa5 10. Bc4 Be7 11. Nd6+ Bxd6 12. Bxd6 Qa4 13. Bb3 Qc6 14. Qg3 Rg8 15. Nf3 Ne4 16. Qf4 g5 17. Nxg5 Rxg5 18. Rhe1 Rf5 19. Qxe4 Qxe4 20. Rxe4 Bd7 21. Bg3 O-O-O 22. Bc4 b5 23. Be2 Bc6 24. Rxd8+ Kxd8 25. Rh4 h5 26. Bxh5 Bxg2 27. Be2 c4 28. b3 cxb3 29. axb3 Nc5 30. Rh8+ Ke7 31. Rb8 a6 32. h4 Ne4 33. h5 Nxg3 34. fxg3 Be4 35. g4 Rf2 36. Bd3 Bxd3 37. cxd3 Kf6 38. Rg8 Rh2 39. h6 Ke5 40. Rg5+ f5 41. gxf5 exf5 42. Rg6 a5 43. Rb6 b4 44. Rb5+ Kd4 45. Rxf5 Kc3 46. Rc5+ Kxb3 47. Rxa5 Kc3 48. Rc5+ Kxd3 49. Rc6 1/2-1/2

[Event "Czech Open Rapid 2019"]
[Site "Pardubice"]
[Date "2019.07.18"]
[Round "6.15"]
[White "Chirivi C, Jenny Astrid"]
[Black "Jun, Rudolf Jr."]
[Result "1/2-1/2"]
[WhiteElo "2089"]
[BlackElo "2200"]
[Annotator "TA"]
[PlyCount "202"]
[EventDate "2019.07.17"]
[EventType "swiss"]
[EventCountry "CZE"]
[SourceTitle "playchess.com"]
[Source "ChessBase"]
[SourceQuality "1"]

1. d4 Nf6 2. c4 g6 3. Nc3 Bg7 4. e4 d6 5. f3 O-O 6. Be3 e5 7. Nge2 Nc6 8. d5 Ne7 9. Qd2 Nh5 10. g4 Nf4 11. Nxf4 exf4 12. Bxf4 Re8 13. O-O-O Bd7 14. h4 a6 15. Be3 b5 16. c5 b4 17. Ne2 Bb5 18. c6 Bc4 19. Kb1 b3 20. a3 Nxd5 21. exd5 Bxe2 22. Bxe2 Qe7 23. Bxa6 Qxe3 24. Qxe3 Rxe3 25. Bc4 Ra4 26. Bb5 Ra5 27. Rd3 Rxd3 28. Bxd3 Rxd5 29. Rd1 Be5 30. a4 Rc5 31. Be4 Ra5 32. Rd3 Rxa4 33. Rxb3 Rd4 34. h5 Kg7 35. Rb8 d5 36. Bc2 Rc4 37. Bb3 Rxc6 38. Bxd5 Rd6 39. Be4 c5 40. Rb7 gxh5 41. gxh5 h6 42. Kc2 Kf8 43. Rb5 Bd4 44. Rb7 Rf6 45. Kd3 Rf4 46. Bd5 Rf5 47. Kc4 Rf4 48. Kb3 c4+ 49. Bxc4 Rxf3+ 50. Ka4 f5 51. b4 f4 52. b5 Bc5 53. b6 Ke8 54. Kb5 Bd6 55. Rh7 Rc3 56. b7 Rc1 57. Rxh6 Bc7 58. Rh7 Bd6 59. Be6 f3 60. Rf7 Rc5+ 61. Kb6 Rxh5 62. Rxf3 Ke7 63. Bc4 Rh4 64. Bb5 Bb8 65. Re3+ Kd6 66. Rd3+ Ke6 67. Rd8 Bg3 68. Re8+ Kf6 69. Rg8 Bh2 70. Kc6 Ke7 71. Rg6 Re4 72. Rg7+ Kf8 73. Rh7 Bg3 74. Kc5 Re7 75. Rh8+ Kg7 76. b8=Q Bxb8 77. Rxb8 Re5+ 78. Kd6 Re3 79. Bc6 Kf6 80. Bd5 Kg5 81. Rf8 Ra3 82. Ke5 Rg3 83. Rg8+ Kh4 84. Rh8+ Kg5 85. Be4 Kg4 86. Rh7 Kg5 87. Rh8 Kg4 88. Rg8+ Kh4 89. Rh8+ Kg5 90. Rh2 Kg4 91. Bf5+ Kg5 92. Re2 Rg1 93. Re3 Rg2 94. Be4 Rg1 95. Rf3 Rg4 96. Rh3 Rg1 97. Rh8 Rg3 98. Rh7 Kg4 99. Rg7+ Kh4 100. Rh7+ Kg5 101. Rh8 Kg4 1/2-1/2

[Event "Czech Open Rapid 2019"]
[Site "Pardubice"]
[Date "2019.07.18"]
[Round "6.16"]
[White "Rytenko, Vsevolod"]
[Black "Panesso Rivera, Henry"]
[Result "0-1"]
[WhiteElo "2303"]
[BlackElo "2380"]
[Annotator "TA"]
[PlyCount "100"]
[EventDate "2019.07.17"]
[EventType "swiss"]
[EventCountry "CZE"]
[SourceTitle "playchess.com"]
[Source "ChessBase"]
[SourceQuality "1"]

1. d4 d5 2. c4 c6 3. Nf3 Nf6 4. cxd5 cxd5 5. Nc3 Nc6 6. Bf4 Bf5 7. e3 e6 8. Bd3 Bb4 9. O-O O-O 10. Ne5 Bxc3 11. Nxc6 bxc6 12. bxc3 Bxd3 13. Qxd3 Nh5 14. Qa6 Nxf4 15. exf4 Qb6 16. Qa4 Rfb8 17. g3 c5 18. dxc5 Qxc5 19. Rab1 g6 20. Qd4 Qxd4 21. cxd4 a5 22. Rfc1 Rb4 23. Rxb4 axb4 24. Rb1 Ra4 25. Kg2 Kf8 26. Rb2 Ke7 27. Kf3 Kd7 28. Ke3 Kc6 29. Rc2+ Kb6 30. Kd3 Ra3+ 31. Kd2 Kb5 32. Rc5+ Ka4 33. Rc2 Rf3 34. Ke2 Rc3 35. Rd2 Kb5 36. Rb2 Kc4 37. h4 h5 38. Rd2 Ra3 39. Rb2 Kxd4 40. Rxb4+ Kc3 41. Rb7 Rxa2+ 42. Kf3 d4 43. Rxf7 d3 44. Rd7 Re2 45. Rc7+ Kd2 46. Ra7 Re1 47. Rd7 Kc2 48. Rc7+ Kd1 49. Ra7 d2 50. Ra2 Kc1 0-1

[Event "Czech Open Rapid 2019"]
[Site "Pardubice"]
[Date "2019.07.18"]
[Round "6.16"]
[White "Ilkiv, Andrii"]
[Black "Vokoun, Jan"]
[Result "0-1"]
[WhiteElo "1703"]
[BlackElo "2072"]
[Annotator "NA"]
[PlyCount "64"]
[EventDate "2019.07.17"]
[EventType "swiss"]
[EventCountry "CZE"]
[SourceTitle "playchess.com"]
[Source "ChessBase"]
[SourceQuality "1"]

1. e4 Nc6 2. Nf3 e5 3. Bb5 g6 4. O-O Bg7 5. c3 d6 6. h3 Nge7 7. d4 a6 8. Ba4 O-O 9. Re1 h6 10. Na3 b5 11. Bb3 exd4 12. cxd4 Na5 13. Bd2 c5 14. e5 Nxb3 15. Qxb3 Be6 16. Qd1 Rc8 17. exd6 Qxd6 18. dxc5 Qxc5 19. Rc1 Qd6 20. Bc3 Qxd1 21. Rexd1 Bxc3 22. bxc3 Bxa2 23. Rd3 b4 24. Ra1 b3 25. Nd2 Rfd8 26. Rxd8+ Rxd8 27. Nac4 Rd3 28. Nb2 Rxd2 29. Nc4 b2 30. Nxb2 Rxb2 31. Kf1 Bc4+ 32. Ke1 Re2+ 0-1